Catálogo
 En Linea

Mujeres en el camino del derecho / (Registro nro. 59948)

Detalles MARC
000 -CABECERA
campo de control de longitud fija 01637nam a2200349 i 4500
003 - IDENTIFICADOR DEL NÚMERO DE CONTROL
campo de control DO-SdBNP
005 - FECHA Y HORA DE LA ÚLTIMA TRANSACCIÓN
campo de control 20260216085318.0
007 - CAMPO FIJO DE DESCRIPCIÓN FÍSICA--INFORMACIÓN GENERAL
campo de control de longitud fija ta
008 - DATOS DE LONGITUD FIJA--INFORMACIÓN GENERAL
campo de control de longitud fija 251014b2025 dr ||||| |||| 00| 0 spa d
040 ## - FUENTE DE LA CATALOGACIÓN
Centro catalogador/agencia de origen DO-SdBNP
Lengua de catalogación spa
Centro/agencia transcriptor BNPHU
Normas de descripción rda
041 ## - CÓDIGO DE LENGUA
Código de lengua del texto/banda sonora o título independiente spa
082 #4 - NÚMERO DE LA CLASIFICACIÓN DECIMAL DEWEY
Número de clasificación 347.7293082
Número de documento/Ítem A773m
Número de edición 22
100 ## - ENTRADA PRINCIPAL--NOMBRE DE PERSONA
Nombre de persona Arraya, Lucy
Código de función/relación aut.
9 (RLIN) 80100
Término indicativo de función/relación autor
245 10 - MENCIÓN DE TÍTULO
Título Mujeres en el camino del derecho /
Mención de responsabilidad, etc. Lucy Margarita Arraya ; prólogo, Francisco Antonio Ortega Polanco ; coordinador, José Chez Checo.
264 #4 - PRODUCCIÓN, PUBLICACIÓN, DISTRIBUCIÓN, FABRICACIÓN Y COPYRIGHT
Producción, publicación, distribución, fabricación y copyright Santo Domingo, República Dominicana :
Nombre del de productor, editor, distribuidor, fabricante Universidad Nacional Pedro Henríquez Ureña,
Fecha de producción, publicación, distribución, fabricación o copyright ©2025
300 ## - DESCRIPCIÓN FÍSICA
Extensión 65 páginas :
Otras características físicas ilustraciones ; retratos ;
Dimensiones 22 cm
336 ## - TIPO DE CONTENIDO
Término de tipo de contenido texto
Código de tipo de contenido txt
Fuente rdacontent
337 ## - TIPO DE MEDIO
Nombre/término del tipo de medio sin mediación
Código del tipo de medio n
Fuente rdamedia
338 ## - TIPO DE SOPORTE
Nombre/término del tipo de soporte volumen
Código del tipo de soporte nc
Fuente rdacarrier
500 ## - NOTA GENERAL
Nota general Incluye datos biográficos de la autora en las solapas
504 ## - NOTA DE BIBLIOGRAFÍA, ETC.
Nota de bibliografía, etc. Bibliografía: páginas 61-63
505 ## - NOTA DE CONTENIDO CON FORMATO
Nota de contenido con formato Prólogo, 11 -- Liminar,15 -- A manera de introducción, 17 -- Mujeres en el camino del derecho, 21 -- En la formación del Derecho, 32 -- Junto a otras colegas, 37 -- En la senda del Derecho Comparado, 46 -- De las que avanzan en otros lares, 49 -- Hacia las Altas Cortes, 55 -- Reflexiones finales, 59 --
590 ## - NOTA LOCAL (RLIN)
Nota local Inventariado, 2025 / LP
650 #4 - PUNTO DE ACCESO ADICIONAL DE MATERIA--TÉRMINO DE MATERIA
Término de materia o nombre geográfico como elemento de entrada Abogadas
Subdivisión general Historia
Subdivisión geográfica República Dominicana
9 (RLIN) 88695
650 #4 - PUNTO DE ACCESO ADICIONAL DE MATERIA--TÉRMINO DE MATERIA
Término de materia o nombre geográfico como elemento de entrada Juezas
Subdivisión general Historia
Subdivisión geográfica República Dominicana
9 (RLIN) 88696
650 #4 - PUNTO DE ACCESO ADICIONAL DE MATERIA--TÉRMINO DE MATERIA
Término de materia o nombre geográfico como elemento de entrada Abogadas
Subdivisión general Historia
Subdivisión geográfica América
9 (RLIN) 88697
700 1# - PUNTO DE ACCESO ADICIONAL--NOMBRE DE PERSONA
Nombre de persona Ortega Polanco, Francisco
Término indicativo de función/relación prologuista
Código de función/relación pr.
9 (RLIN) 88693
700 1# - PUNTO DE ACCESO ADICIONAL--NOMBRE DE PERSONA
Nombre de persona Checo, José
Término indicativo de función/relación coordinador
Código de función/relación coord.
9 (RLIN) 88694
900 ## - ELEMENTOS DE DATOS A LOCAL, LDA (RLIN)
Nombre de persona
910 ## - DATOS DE OPCIÓN DEL USUARIO (OCLC)
Datos de opción del usuario LP
942 ## - ELEMENTOS DE PUNTO DE ACCESO ADICIONAL (KOHA)
Fuente del sistema de clasificación o colocación Dewey Decimal Classification
Tipo de ítem Koha Libro
Existencias
Estado de retiro Estado de pérdida Fuente del sistema de clasificación o colocación Restricciones de uso No para préstamo Código de colección Localización permanente Ubicación/localización actual Ubicación en estantería Fecha de adquisición Fuente de adquisición Total de préstamos Signatura topográfica completa Código de barras Fecha visto por última vez Precio válido a partir de Tipo de ítem Koha Número de copia
    Dewey Decimal Classification Excluido de préstamo   Patrimonio Dominicano Biblioteca Nacional Pedro Henríquez Ureña Biblioteca Nacional Pedro Henríquez Ureña En catalogación 07.07.2025 Depósito Legal   BNPHU PD 347.7293082 A773m 2025-11858 14.10.2025 14.10.2025 Libro  
    Dewey Decimal Classification Excluido de préstamo   Patrimonio Dominicano Biblioteca Nacional Pedro Henríquez Ureña Biblioteca Nacional Pedro Henríquez Ureña En catalogación 07.07.2025 Depósito Legal   BNPHU PD 347.7293082 A773m 2025-11859 14.10.2025 14.10.2025 Libro e.2
    Dewey Decimal Classification Préstamo en sala   Dominicana de Servicio Biblioteca Nacional Pedro Henríquez Ureña Biblioteca Nacional Pedro Henríquez Ureña En catalogación 07.07.2025 Depósito Legal   BNPHU DS 347.7293082 A773m 2025-11860 14.10.2025 14.10.2025 Libro e.3

Con tecnología Koha